<?xml version="1.0" encoding="UTF-8"?>
<record
    xmlns:xsi="http://www.w3.org/2001/XMLSchema-instance"
    xsi:schemaLocation="http://www.loc.gov/MARC21/slim http://www.loc.gov/standards/marcxml/schema/MARC21slim.xsd"
    xmlns="http://www.loc.gov/MARC21/slim">

  <leader>00429nam a22001817a 4500</leader>
  <controlfield tag="005">20180203170402.0</controlfield>
  <controlfield tag="008">160623b        xxu||||| |||| 00| 0 eng d</controlfield>
  <datafield tag="020" ind1=" " ind2=" ">
    <subfield code="a">978-81-8333-163-7</subfield>
  </datafield>
  <datafield tag="041" ind1=" " ind2=" ">
    <subfield code="a">eng</subfield>
  </datafield>
  <datafield tag="082" ind1=" " ind2=" ">
    <subfield code="b">9420</subfield>
    <subfield code="a">005.133</subfield>
  </datafield>
  <datafield tag="100" ind1=" " ind2=" ">
    <subfield code="a">Kanetkar, Yashavant</subfield>
    <subfield code="9">176</subfield>
  </datafield>
  <datafield tag="245" ind1=" " ind2=" ">
    <subfield code="a">Let us C</subfield>
  </datafield>
  <datafield tag="250" ind1=" " ind2=" ">
    <subfield code="a">9th ed.</subfield>
  </datafield>
  <datafield tag="260" ind1=" " ind2=" ">
    <subfield code="b">BPB</subfield>
    <subfield code="a">new delhi</subfield>
    <subfield code="c">2009</subfield>
  </datafield>
  <datafield tag="300" ind1=" " ind2=" ">
    <subfield code="a">621</subfield>
  </datafield>
  <datafield tag="650" ind1=" " ind2=" ">
    <subfield code="a">Information Technology</subfield>
    <subfield code="9">137</subfield>
  </datafield>
  <datafield tag="942" ind1=" " ind2=" ">
    <subfield code="c">BK</subfield>
  </datafield>
  <datafield tag="999" ind1=" " ind2=" ">
    <subfield code="c">3715</subfield>
    <subfield code="d">3714</subfield>
  </datafield>
  <datafield tag="952" ind1=" " ind2=" ">
    <subfield code="0">0</subfield>
    <subfield code="1">0</subfield>
    <subfield code="4">0</subfield>
    <subfield code="7">0</subfield>
    <subfield code="a">JRU</subfield>
    <subfield code="c">SHELF-3-F</subfield>
    <subfield code="d">2016-06-23</subfield>
    <subfield code="g">258.00</subfield>
    <subfield code="l">28</subfield>
    <subfield code="m">8</subfield>
    <subfield code="o">9420</subfield>
    <subfield code="p">9420</subfield>
    <subfield code="r">2026-02-27 08:35:28</subfield>
    <subfield code="s">2026-02-19</subfield>
    <subfield code="w">2016-06-23</subfield>
    <subfield code="y">BK</subfield>
  </datafield>
  <datafield tag="952" ind1=" " ind2=" ">
    <subfield code="0">0</subfield>
    <subfield code="1">0</subfield>
    <subfield code="4">0</subfield>
    <subfield code="7">0</subfield>
    <subfield code="8">CS/IT</subfield>
    <subfield code="a">JRU</subfield>
    <subfield code="b">JRU</subfield>
    <subfield code="c">SHELF-54-C</subfield>
    <subfield code="d">2016-06-23</subfield>
    <subfield code="e">PURCHASE</subfield>
    <subfield code="g">258.00</subfield>
    <subfield code="l">27</subfield>
    <subfield code="m">9</subfield>
    <subfield code="o">005.133</subfield>
    <subfield code="p">9421</subfield>
    <subfield code="r">2025-11-13 13:33:21</subfield>
    <subfield code="s">2025-11-03</subfield>
    <subfield code="w">2016-06-23</subfield>
    <subfield code="y">BK</subfield>
  </datafield>
  <datafield tag="952" ind1=" " ind2=" ">
    <subfield code="0">0</subfield>
    <subfield code="1">0</subfield>
    <subfield code="4">0</subfield>
    <subfield code="7">0</subfield>
    <subfield code="8">CS/IT</subfield>
    <subfield code="a">JRU</subfield>
    <subfield code="b">JRU</subfield>
    <subfield code="c">SHELF-54-C</subfield>
    <subfield code="d">2016-06-23</subfield>
    <subfield code="e">PURCHASE</subfield>
    <subfield code="g">258.00</subfield>
    <subfield code="l">24</subfield>
    <subfield code="m">9</subfield>
    <subfield code="o">005.133</subfield>
    <subfield code="p">9422</subfield>
    <subfield code="r">2025-11-11 12:51:56</subfield>
    <subfield code="s">2025-11-03</subfield>
    <subfield code="w">2016-06-23</subfield>
    <subfield code="y">BK</subfield>
  </datafield>
  <datafield tag="952" ind1=" " ind2=" ">
    <subfield code="0">0</subfield>
    <subfield code="1">0</subfield>
    <subfield code="4">0</subfield>
    <subfield code="7">0</subfield>
    <subfield code="8">CS/IT</subfield>
    <subfield code="a">JRU</subfield>
    <subfield code="b">JRU</subfield>
    <subfield code="c">SHELF-54-C</subfield>
    <subfield code="d">2016-06-23</subfield>
    <subfield code="g">258.00</subfield>
    <subfield code="l">30</subfield>
    <subfield code="m">8</subfield>
    <subfield code="o">005.133</subfield>
    <subfield code="p">9423</subfield>
    <subfield code="r">2025-09-23 12:49:00</subfield>
    <subfield code="s">2025-09-23</subfield>
    <subfield code="w">2016-06-23</subfield>
    <subfield code="y">BK</subfield>
  </datafield>
  <datafield tag="952" ind1=" " ind2=" ">
    <subfield code="0">0</subfield>
    <subfield code="1">0</subfield>
    <subfield code="4">0</subfield>
    <subfield code="7">0</subfield>
    <subfield code="8">CS/IT</subfield>
    <subfield code="a">JRU</subfield>
    <subfield code="b">JRU</subfield>
    <subfield code="c">SHELF-54-C</subfield>
    <subfield code="d">2016-06-23</subfield>
    <subfield code="g">258.00</subfield>
    <subfield code="l">28</subfield>
    <subfield code="m">5</subfield>
    <subfield code="o">005.133</subfield>
    <subfield code="p">9424</subfield>
    <subfield code="q">2025-08-31</subfield>
    <subfield code="r">2025-12-24 10:21:03</subfield>
    <subfield code="s">2025-12-24</subfield>
    <subfield code="w">2016-06-23</subfield>
    <subfield code="y">BK</subfield>
  </datafield>
</record>
